| 000 | 01483nam a22003494a 4500 | ||
|---|---|---|---|
| 001 | ebr10022460 | ||
| 003 | CaPaEBR | ||
| 006 | m u | ||
| 007 | cr cn||||||||| | ||
| 008 | 020614s2002 enka sb 001 0 eng | ||
| 010 | _z 2002026343 | ||
| 020 | _z1853596108 (hbk.) | ||
| 020 | _z1853596094 (pbk.) | ||
| 040 |
_aCaPaEBR _cCaPaEBR |
||
| 035 | _a(OCoLC)51908488 | ||
| 050 | 1 | 4 |
_aLC196 _b.G85 2002eb |
| 082 | 0 | 4 |
_a418/.0071 _221 |
| 100 | 1 |
_aGuilherme, Manuela, _d1951- |
|
| 245 | 1 | 0 |
_aCritical citizens for an intercultural world _h[electronic resource] : _bforeign language education as cultural politics / _cManuela Guilherme. |
| 260 |
_aClevedon ; _aBuffalo [N.Y.] : _bMultilingual Matters, _cc2002. |
||
| 300 |
_axiv, 296 p. : _bill. |
||
| 490 | 1 |
_aLanguages for intercultural communication and education ; _v3 |
|
| 504 | _aIncludes bibliographical references (p. 227-252) and index. | ||
| 533 |
_aElectronic reproduction. _bPalo Alto, Calif. : _cebrary, _d2013. _nAvailable via World Wide Web. _nAccess may be limited to ebrary affiliated libraries. |
||
| 650 | 0 | _aCritical pedagogy. | |
| 650 | 0 | _aMulticultural education. | |
| 650 | 0 |
_aLanguages, Modern _xStudy and teaching. |
|
| 655 | 7 |
_aElectronic books. _2local |
|
| 710 | 2 | _aebrary, Inc. | |
| 830 | 0 |
_aLanguages for intercultural communication and education ; _v3. |
|
| 856 | 4 | 0 |
_uhttp://site.ebrary.com/lib/rucke/Doc?id=10022460 _zAn electronic book accessible through the World Wide Web; click to view |
| 999 |
_c24252 _d24252 |
||